000 00963nam0a22002771 4500
001 rc\787265
005 20250622132626.0
035 _a(NLR Aleph) 006312766
090 _a7369410
_c7369410
100 _a20040301d1983 |||y0rusy50 ca
101 0 _arus
102 _aRU
105 _aa |||||||||
200 1 _aВведение в электрохимическую кинетику
_e[Учеб. пособие для хим. спец. ун-тов]
205 _a2-е изд., перераб. и доп.
210 _aМ.
_cВысш. школа
_d1983
215 _a400 с.
_cил.
_d22
320 _aБиблиогр. в конце разделов
320 _aПредм. указ.: с. 395-398
700 1 _aДамаскин
_bБ.Б.
_gБорис Борисович
701 1 _aПетрий
_bО.А.
_gОлег Александрович
801 0 _aRU
_bNLR
_gpsbo
801 1 _aRU
_bELAR
_2rusmarc
852 _aNLR
_j83-5/3183
942 _cBOOK
980 _aNB